Vállalati felelősség - hogyan mérhető a CSR teljesítménye?

Bibliographic Details
Main Author: Kallai Michael
Other Authors: Nagy Andrea
Kun Dávid
Format: Thesis
Kulcsszavak:CSR, vállalati társadalmi felelősségvállalás
mérhetőség
Teljesítmény
Online Access:http://dolgozattar.uni-bge.hu/19734

MARC

LEADER 00000nta a2200000 i 4500
001 dolg19734
005 20181217130018.0
008 181217suuuu hu om 000 hun d
040 |a BGE Dolgozattár Repozitórium  |b hun 
041 |a hu 
100 1 |a Kallai Michael 
245 1 0 |a Vállalati felelősség - hogyan mérhető a CSR teljesítménye?  |c Kallai Michael  |h [elektronikus dokumentum] 
695 |a CSR, vállalati társadalmi felelősségvállalás 
695 |a mérhetőség 
695 |a Teljesítmény 
700 1 |a Nagy Andrea  |e ths 
700 1 |a Kun Dávid  |e ths 
856 4 0 |u http://dolgozattar.uni-bge.hu/19734/7/Kallai%20Michael%20szakdolgozat..pdf  |z Dokumentum-elérés